| 000 | 01618cam a22004694i 4500 | ||
|---|---|---|---|
| 003 | PE-LiUPU | ||
| 005 | 20250731184516.0 | ||
| 008 | 150617s r 000 0 d | ||
| 035 | _a(Sirsi) a16754 | ||
| 040 |
_aPE-LiUPU _bspa _cPE-LiUPU _erda |
||
| 049 | _aPRUA | ||
| 082 | 0 | 4 |
_a985.133379 _bA31 _221 |
| 245 | 0 | 0 |
_aEnergía y región; el debate sobre energía regional / _ceditado por José Aguedo y Benjamín Marticorena. |
| 264 | 1 |
_aPiura : _bDepartamento Publicaciones CIPCA, _c1994. |
|
| 300 |
_a197 páginas , ; _c23 cm |
||
| 336 |
_atext _2rdacontent |
||
| 337 |
_aunmediated _2rdamedia |
||
| 338 |
_avolume _2rdacarrier |
||
| 505 | 0 | _aOferta energética -- Demanda energética -- Gestión de la energía -- Mesa de trabajo "energía regional". | |
| 526 | _aP136 | ||
| 526 | _aP135 | ||
| 526 | _aP134 | ||
| 526 | _aP133 | ||
| 526 | _aP144 | ||
| 526 | _aP143 | ||
| 526 | _aP87 | ||
| 526 | _aP35 | ||
| 526 | _aP20 | ||
| 526 | _aP14 | ||
| 526 | _aP10 | ||
| 526 | _aP06 | ||
| 650 | 0 | 4 |
_aEnergía _zPerú - Región Grau. |
| 700 | 1 |
_aAguedo, José, _eeditor. |
|
| 700 | 1 |
_aMarticorena, Benjamín, _eeditor. |
|
| 910 |
_ajck _bjvq _cjck _d20150616 |
||
| 942 |
_2ddc _cBOOK |
||
| 949 |
_a985.133379 A31 _wDEWEY _c1 _i37390 _lCCODEBUL1 _mBUL _p _r0 _sY _tBOOK _u19950221 _xEDUCACION _zUNKNOWN _0COMPRA _o.STAFF. Colección General |
||
| 994 |
_aC0 _bPEPRU |
||
| 596 | _a1 | ||
| 999 |
_a985.133379 A31 _wDEWEY _c16258 _i37390 _f2021-11-8 _g5 _lCCODEBUL1 _mBUL _r0 _sY _tBOOK _u2015-6-17 _xBIBLIOTECA _zUNKNOWN _0COMPRA _o.STAFF. Colección General _d16258 |
||
| 980 |
_81 _gALBERTO SANCHEZ Responsable de Automatización |
||